Adobe Photoshop CS6 digital classroom (Record no. 31803)
[ view plain ]
| 000 -LEADER | |
|---|---|
| fixed length control field | 01201nam a2200313 a 4500 |
| 100 1# - MAIN ENTRY--AUTHOR NAME | |
| Personal name | Smith, Jennifer. |
| 245 10 - TITLE STATEMENT | |
| Title | Adobe Photoshop CS6 digital classroom |
| 260 ## - PUBLICATION, DISTRIBUTION, ETC. (IMPRINT) | |
| Place of publication | Indianapolis, Ind. : |
| Name of publisher | John Wiley & Sons, Inc., |
| Year of publication | 2012. |
| 300 ## - PHYSICAL DESCRIPTION | |
| Number of Pages | xx, 424 p. : |
| Other physical details | col. ill. |
| 500 ## - GENERAL NOTE | |
| General note | Includes index. |
| 650 #0 - SUBJECT ADDED ENTRY--TOPICAL TERM | |
| Topical Term | Photography |
| Topical Term | Computer graphics. |
| 856 40 - ELECTRONIC LOCATION AND ACCESS | |
| Uniform Resource Identifier | http://site.ebrary.com/lib/rucke/Doc?id=10641869 |
No items available.
